<?xml version="1.0" encoding="UTF-8"?><?xml-stylesheet type="text/xsl" href="static/style.xsl"?><OAI-PMH xmlns="http://www.openarchives.org/OAI/2.0/" xmlns:xsi="http://www.w3.org/2001/XMLSchema-instance" xsi:schemaLocation="http://www.openarchives.org/OAI/2.0/ http://www.openarchives.org/OAI/2.0/OAI-PMH.xsd"><responseDate>2026-04-13T01:40:47Z</responseDate><request verb="GetRecord" identifier="oai:www.recercat.cat:2072/463430" metadataPrefix="marc">https://recercat.cat/oai/request</request><GetRecord><record><header><identifier>oai:recercat.cat:2072/463430</identifier><datestamp>2025-05-08T13:11:39Z</datestamp><setSpec>com_2072_98</setSpec><setSpec>col_2072_378192</setSpec></header><metadata><record xmlns="http://www.loc.gov/MARC21/slim" xmlns:dcterms="http://purl.org/dc/terms/" xmlns:xsi="http://www.w3.org/2001/XMLSchema-instance" xmlns:doc="http://www.lyncode.com/xoai" xsi:schemaLocation="http://www.loc.gov/MARC21/slim http://www.loc.gov/standards/marcxml/schema/MARC21slim.xsd">
   <leader>00925njm 22002777a 4500</leader>
   <datafield ind2=" " ind1=" " tag="042">
      <subfield code="a">dc</subfield>
   </datafield>
   <datafield ind2=" " ind1=" " tag="720">
      <subfield code="a">Tejedor, Santiago</subfield>
      <subfield code="e">author</subfield>
   </datafield>
   <datafield ind2=" " ind1=" " tag="720">
      <subfield code="a">Vaz Álvarez, Martín</subfield>
      <subfield code="e">author</subfield>
   </datafield>
   <datafield ind2=" " ind1=" " tag="260">
      <subfield code="c">2019</subfield>
   </datafield>
   <datafield ind2=" " ind1=" " tag="520">
      <subfield code="a">El periodismo inmersivo se caracteriza por aplicar las nuevas narrativas que se desprenden del uso de tecnologías de realidad virtual, aumentada, mixta o en 360o y por conceder al usuario un rol activo en la historia (De la Peña et al., 2010). Partiendo de ello, esta investigación, de tipo exploratorio y descriptivo, propone una aproximación conceptual a este periodismo de inmersión a partir del análisis de 6 trabajos periodísticos. Mediante la metodología del estudio de casos y de un estudio comparado, el trabajo concluye que existen lagunas terminológicas para diferenciar tanto la interacción como la inmersión. Por otro lado, el estudio confirma la capacidad de las experiencias inmersivas para ofrecer nuevas perspectivas a través de las cuales entender un suceso o un relato y el protagonismo creciente de la gamificación</subfield>
   </datafield>
   <datafield ind2=" " ind1=" " tag="520">
      <subfield code="a">Immersive journalism is a form of storytelling that applies new narratives in relation with technologies for virtual, augmented or mixed realities, as well as 360° videos. It also grants the user an active role in the story (De la Peña et al. 2010). Therefore, this research, both explorative and descriptive, proposes a conceptual approach to immersive journalism through the analysis of 6 journalistic works. Using a methodology which includes both case study and comparative study methods, this work concludes that there are terminological gaps when it comes to differentiating interaction and immersion. Also, this study confirms the capacity of immersive experiences to offer new perspectives on the way we understand stories, with an increasing presence of gamification.</subfield>
   </datafield>
   <datafield tag="653" ind2=" " ind1=" ">
      <subfield code="a">Periodismo</subfield>
   </datafield>
   <datafield tag="653" ind2=" " ind1=" ">
      <subfield code="a">Internet</subfield>
   </datafield>
   <datafield tag="653" ind2=" " ind1=" ">
      <subfield code="a">Inmersión</subfield>
   </datafield>
   <datafield tag="653" ind2=" " ind1=" ">
      <subfield code="a">360 grados</subfield>
   </datafield>
   <datafield tag="653" ind2=" " ind1=" ">
      <subfield code="a">Contenido</subfield>
   </datafield>
   <datafield tag="653" ind2=" " ind1=" ">
      <subfield code="a">Journalism</subfield>
   </datafield>
   <datafield tag="653" ind2=" " ind1=" ">
      <subfield code="a">Artificial intelligence</subfield>
   </datafield>
   <datafield tag="653" ind2=" " ind1=" ">
      <subfield code="a">Robot</subfield>
   </datafield>
   <datafield tag="653" ind2=" " ind1=" ">
      <subfield code="a">Content</subfield>
   </datafield>
   <datafield ind2="0" ind1="0" tag="245">
      <subfield code="a">Aproximación conceptual al periodismo inmersivo : reflexiones a partir del estudio de caso de seis proyectos periodísticos</subfield>
   </datafield>
</record></metadata></record></GetRecord></OAI-PMH>